Automotive handbook (Record no. 71386)
[ view plain ]
| 000 -LEADER | |
|---|---|
| fixed length control field | 00655nam a22002057a 4500 |
| 003 - CONTROL NUMBER IDENTIFIER | |
| control field | NUST - PNEC |
| 005 - DATE AND TIME OF LATEST TRANSACTION | |
| control field | 20170116181159.0 |
| 008 - FIXED-LENGTH DATA ELEMENTS--GENERAL INFORMATION | |
| fixed length control field | 160204b xxu||||| |||| 00| 0 eng d |
| 020 ## - INTERNATIONAL STANDARD BOOK NUMBER | |
| International Standard Book Number | 9781119032946 |
| 040 ## - CATALOGING SOURCE | |
| Transcribing agency | LIBRARY |
| 082 ## - DEWEY DECIMAL CLASSIFICATION NUMBER | |
| Classification number | 629.2 BOS |
| 100 ## - MAIN ENTRY--PERSONAL NAME | |
| 9 (RLIN) | 16262 |
| Personal name | Bosch Robert |
| 245 ## - TITLE STATEMENT | |
| Title | Automotive handbook |
| Statement of responsibility, etc. | Robert Bosch |
| 250 ## - EDITION STATEMENT | |
| Edition statement | 9th ed. |
| 260 ## - PUBLICATION, DISTRIBUTION, ETC. | |
| Place of publication, distribution, etc. | England |
| Name of publisher, distributor, etc. | John Wiley & Sons |
| Date of publication, distribution, etc. | c.2014 |
| 300 ## - PHYSICAL DESCRIPTION | |
| Extent | 1544 pages. |
| 650 ## - SUBJECT ADDED ENTRY--TOPICAL TERM | |
| 9 (RLIN) | 16263 |
| Topical term or geographic name entry element | Motor vehicles |
| General subdivision | ME, IME |
| 856 ## - ELECTRONIC LOCATION AND ACCESS | |
| Uniform Resource Identifier | <a href="http://www.amazon.com/Automotive-Handbook-Robert-Bosch-GmbH/dp/1119032946/ref=sr_1_1?ie=UTF8&qid=1454567180&sr=8-1&keywords=9781119032946">http://www.amazon.com/Automotive-Handbook-Robert-Bosch-GmbH/dp/1119032946/ref=sr_1_1?ie=UTF8&qid=1454567180&sr=8-1&keywords=9781119032946</a> |
| 942 ## - ADDED ENTRY ELEMENTS (KOHA) | |
| Source of classification or shelving scheme | |
| Koha item type | Book |
| Withdrawn status | Lost status | Source of classification or shelving scheme | Materials specified (bound volume or other part) | Damaged status | Not for loan | Permanent Location | Current Location | Shelving location | Date acquired | Source of acquisition | Cost, normal purchase price | Total Checkouts | Full call number | Barcode | Date last seen | Cost, replacement price | Price effective from | Koha item type |
|---|---|---|---|---|---|---|---|---|---|---|---|---|---|---|---|---|---|---|
| hardbound | Pakistan Navy Engineering College (PNEC) | Pakistan Navy Engineering College (PNEC) | 12/06/2015 | Global Link Information Services / Ref Grant | 7898.88 | 629.2 BOS | PNECLIB-032635 | 02/04/2016 | 7898.88 | 12/06/2015 | Book |
